Μανιτάρια από τα ελληνικά δάση
Saved in:
| Main Author: | |
|---|---|
| Corporate Author: | |
| Format: | Book |
| Language: | Greek |
| Published: |
Αθήνα :
Μουσείο Γουλανδρή Φυσικής Ιστορίας,
1992
|
| Subjects: | |
| Tags: |
Add Tag
No Tags, Be the first to tag this record!
|
MARC
| LEADER | 00000nam a2200000 i 4500 | ||
|---|---|---|---|
| 001 | 1/98237 | ||
| 008 | 950309s1992 gre d | ||
| 020 | |a 960-85193-0-6 | ||
| 035 | |l 10010862 | ||
| 040 | |a GR-MY-UA |b gre |e aacr | ||
| 041 | 0 | |a gre | |
| 082 | 0 | |a 579.6 | |
| 100 | 1 | |a Παντίδου, Μαρία Ε. | |
| 245 | 1 | 0 | |a Μανιτάρια από τα ελληνικά δάση / |c Μαρία Ε. Παντίδου |
| 260 | |a Αθήνα : |b Μουσείο Γουλανδρή Φυσικής Ιστορίας, |c 1992 | ||
| 300 | |a 197 σ. | ||
| 650 | 0 | 0 | |a Mushrooms |z Greece. |
| 710 | 2 | |a Μουσείο Γουλανδρή Φυσικής Ιστορίας. | |
| 852 | |a INST |b LESVOS |e 19950309 |h 579.6 ΠΑΝ |p 005100002559 |q 005100002559 |t BK |y 0 | ||
| 909 | |a Λ |b 023310 | ||
| 922 | |a 1ΔΩΡ |b 199206 | ||